Welcome to the Holygrace Academy Library

Please use search bar below to get started

MANUSCRIPT FOUND IN ACCRA (Record no. 8012)

MARC details
000 -LEADER
fixed length control field 00315nam a22001337a 4500
020 ## - INTERNATIONAL STANDARD BOOK NUMBER
ISBN 978-0-00-752050-3
082 ## - DEWEY DECIMAL CLASSIFICATION NUMBER
Classification number 823
Item number COE/M
100 ## - MAIN ENTRY--AUTHOR NAME
Personal name COELHO, PAULO
245 ## - TITLE STATEMENT
Title MANUSCRIPT FOUND IN ACCRA
260 ## - PUBLICATION, DISTRIBUTION, ETC. (IMPRINT)
Place of publication LONDON
Name of publisher HARPER COLLINS
Year of publication 2013
300 ## - PHYSICAL DESCRIPTION
Number of Pages 194
650 ## - SUBJECT ADDED ENTRY--TOPICAL TERM
Topical Term MOTIVATIONAL
Geographic subdivision UNITED KINGDOM
942 ## - ADDED ENTRY ELEMENTS (KOHA)
Koha item type Books
Holdings
Withdrawn status Lost status Collection code Home library Current library Shelving location Date acquired Source of acquisition Cost, normal purchase price Full call number Accession Number Koha item type
    Fiction Main Library Main Library SHELF-14C- ALPHABETICAL -C--ENGLISH NOVELS & FICTIONS 06/07/2013 purchase 299.00 823 COE/M 07515 Books